Memorias instructivas, y curiosas, sobre agricultura, comercio, industria, economía, química, botánica, historia natural, &c (Record no. 8756)

MARC details
000 -CABECERA
campo de control de longitud fija 01284nam a2200253 a 4500
001 - NÚMERO DE CONTROL
campo de control BRCA_9107
003 - IDENTIFICADOR DEL NÚMERO DE CONTROL
campo de control FranzMayer
005 - FECHA Y HORA DE LA ÚLTIMA TRANSACCIÓN
campo de control 20230728115653.0
008 - DATOS DE LONGITUD FIJA--INFORMACIÓN GENERAL
campo de control de longitud fija 051017s1780----sp-#######---#000-0#spa-#
040 ## - FUENTE DE LA CATALOGACIÓN
Centro catalogador/agencia de origen MFM
Lengua de catalogación esp
Centro/agencia transcriptor MFM
041 ## - CÓDIGO DE LENGUA
Código de lengua del texto/banda sonora o título independiente spa
044 ## - CÓDIGO DEL PAÍS DE LA ENTIDAD EDITORA/PRODUCTORA
Código MARC del país sp
084 ## - OTRO NÚMERO DE CLASIFICACIÓN
Número de clasificación LM9
Número de documento/Ítem .S83 1780
100 1# - ENTRADA PRINCIPAL--NOMBRE DE PERSONA
Nombre de persona Suarez, Miguel Gerónimo
9 (RLIN) 22480
245 10 - MENCIÓN DE TÍTULO
Título Memorias instructivas, y curiosas, sobre agricultura, comercio, industria, economía, química, botánica, historia natural, &c
Resto del título sacadas de las obras que hasta hoy han publicado varios autores extranjeros, y señaladamente las Reales Academias, y sociedades de Francia, Inglaterra, Alemania, Prusia, y Suecia
Mención de responsabilidad, etc. por Don Miguel Gerónimo Suarez.
260 ## - PUBLICACIÓN, DISTRIBUCIÓN, ETC.
Lugar de publicación, distribución, etc. Madrid
Nombre del editor, distribuidor, etc. Por Don Pedro Marín
Fecha de publicación, distribución, etc. 1780
300 ## - DESCRIPCIÓN FÍSICA
Extensión 2 v. (t. 4 y 5)
Dimensiones 20.5 x 15 cm
500 ## - NOTA GENERAL
Nota general : Se hallará todas las memorias que se publicaran en los Martes de cada semana en la Librería de Orcél, calle de las carreteras, y en casa del traductor, calle de la Magdalena, frente de las Urosas, casa N.3. cuarto principal.
500 ## - NOTA GENERAL
Nota general Estado físico: presenta encuadernación en piel y presencia del pez de plata
650 14 - PUNTO DE ACCESO ADICIONAL DE MATERIA--TÉRMINO DE MATERIA
Término de materia o nombre geográfico como elemento de entrada Agricultura
Subdivisión cronológica Obras anteriores a 1800
9 (RLIN) 22481
650 14 - PUNTO DE ACCESO ADICIONAL DE MATERIA--TÉRMINO DE MATERIA
Término de materia o nombre geográfico como elemento de entrada Comercio
Subdivisión cronológica Obras anteriores a 1800
9 (RLIN) 22482
902 ## - CATALOGADOR
Iniciales CFM
942 ## - ELEMENTOS DE PUNTO DE ACCESO ADICIONAL (KOHA)
Fuente del sistema de clasificación o colocación Library of Congress Classification
Tipo de ítem Koha Libros
Holdings
Estado de retiro Estado de pérdida Fuente del sistema de clasificación o colocación Estado dañado No para préstamo Código de colección Localización permanente Ubicación/localización actual Fecha de adquisición Fuente de adquisición Total de préstamos Signatura topográfica completa Código de barras Fecha visto por última vez Precio válido a partir de Tipo de ítem Koha
El ejemplar forma parte de la colección y puede ser consultado según las políticas vigentes.   Library of Congress Classification     Conventual Franz Mayer Biblioteca del Museo Franz Mayer (Rogerio Casas-Alatriste) Biblioteca del Museo Franz Mayer (Rogerio Casas-Alatriste) 05/10/2017 Donación   LM9 .S83 1780 CFM00457 22/03/2019 22/03/2019 Libros
El ejemplar forma parte de la colección y puede ser consultado según las políticas vigentes.   Library of Congress Classification     Conventual Franz Mayer Biblioteca del Museo Franz Mayer (Rogerio Casas-Alatriste) Biblioteca del Museo Franz Mayer (Rogerio Casas-Alatriste) 05/10/2017 Donación   LM9 .S83 1780 CFM00458 22/03/2019 22/03/2019 Libros